Tratado de libre comercio entre el gobierno de la república de Chile y el gobierno de la república de Corea del Sur: marco jurídico
Saved in:
| Format: | Bog |
|---|---|
| Sprog: | spansk |
| Udgivet: |
Santiago
LexisNexis
2003
|
| Fag: | |
| Tags: |
Tilføj Tag
Ingen Tags, Vær først til at tagge denne postø!
|
MARC
| LEADER | 00000nam a2200000 a 4500 | ||
|---|---|---|---|
| 001 | UCL9255 | ||
| 003 | CL-VaPUC | ||
| 008 | 040730e20030000CL |||||||||||||||||spa|d | ||
| 020 | |a 9562384152 | ||
| 082 | 0 | 4 | |a 341.7543 |b TRA |2 21 |
| 245 | 1 | 0 | |a Tratado de libre comercio entre el gobierno de la república de Chile y el gobierno de la república de Corea del Sur: marco jurídico |
| 300 | |a 834 p | ||
| 942 | |c BK | ||
| 945 | |d 20040730 00:00:00 |a cmena | ||
| 260 | |a Santiago |b LexisNexis |c 2003 | ||
| 650 | 0 | |a Derecho internacional |9 255637 | |
| 650 | 0 | |a Tratados internacionales |9 256056 | |
| 650 | 0 | |a Derecho aduanero |9 324531 | |
| 650 | 0 | |a Jurisprudencia |9 255952 | |
| 650 | 0 | |a Libre comercio |9 323018 | |
| 650 | 0 | |a Aspectos jurídicos |9 328188 | |
| 650 | 0 | |a Contratos |9 255153 | |
| 650 | 7 | |a COMERCIO INTERNACIONAL |2 CL-VaPUC |9 487065 | |
| 651 | 7 | |a CHILE |2 CL-VaPUC |9 487066 | |
| 651 | 7 | |a COREA DEL SUR |2 CL-VaPUC |9 445246 | |
| 583 | |a last modification |c 20040730 00:00:00 |k Rodrigo Vera | ||
| 999 | |c 310119 |d 310117 | ||
| 952 | |0 0 |1 0 |4 0 |6 341_754300000000000_TRA_2003 |7 0 |8 A |9 378260 |a BIBDER |b BIBDER |d 2019-11-21 |i 4041798 |o 341.7543 TRA 2003 |p 4041798 |r 2023-01-25 |w 2019-11-21 |y BK |k DER | ||